000 00526nam a2200229Ia 4500
003 IT-RoPAU
008 120407s9999 xx 000 0 und d
040 _aIT-RoPAU
040 _cIT-RoPAU
041 _aita
100 _aLuigi Santucci
245 _aVolete andarvene anche voi? Una vita di Cristo. 2a ed.
250 _aVerona
260 _aMondadori Arnoldo
260 _c1970
300 _a308 p.
300 _c21 cm
490 _aScrittori italiani e stranieri
490 _v1
942 _cBK
999 _c32111
_d32111